Learning Resource and Development

SketchUp for interior design : (Record no. 29900)

MARC details
000 -LEADER
fixed length control field 03289cam a22004098i 4500
001 - CONTROL NUMBER
control field 22848268
003 - CONTROL NUMBER IDENTIFIER
control field CSPC
005 - DATE AND TIME OF LATEST TRANSACTION
control field 20250806143137.0
008 - FIXED-LENGTH DATA ELEMENTS--GENERAL INFORMATION
fixed length control field 221101s2023 nju b 001 0 eng
010 ## - LIBRARY OF CONGRESS CONTROL NUMBER
LC control number 2022052813
020 ## - INTERNATIONAL STANDARD BOOK NUMBER
International Standard Book Number 9781119897743
Qualifying information (paperback)
035 ## - SYSTEM CONTROL NUMBER
System control number 22848268
040 ## - CATALOGING SOURCE
Original cataloging agency DLC
Language of cataloging eng
Description conventions rda
Transcribing agency DLC
Modifying agency DLC
-- CSPC
042 ## - AUTHENTICATION CODE
Authentication code pcc
050 00 - LIBRARY OF CONGRESS CALL NUMBER
Classification number NK2114
Item number .C59 2023
082 00 - DEWEY DECIMAL CLASSIFICATION NUMBER
Classification number 747.028553
Item number C615s
Edition number 23/eng/20221116
100 1# - MAIN ENTRY--PERSONAL NAME
Personal name Cline, Lydia Sloan,
Relator term author.
245 10 - TITLE STATEMENT
Title SketchUp for interior design :
Remainder of title 3D visualizing, designing, and space planning /
Statement of responsibility, etc. Lydia Sloan Cline.
250 ## - EDITION STATEMENT
Edition statement Second edition.
263 ## - PROJECTED PUBLICATION DATE
Projected publication date 2302
264 #1 - PRODUCTION, PUBLICATION, DISTRIBUTION, MANUFACTURE, AND COPYRIGHT NOTICE
Place of production, publication, distribution, manufacture Hoboken, New Jersey :
Name of producer, publisher, distributor, manufacturer John Wiley & Sons, Inc.,
Date of production, publication, distribution, manufacture, or copyright notice 2023.
300 ## - PHYSICAL DESCRIPTION
Extent xiii, 283 pages :
Other physical details illustrations ;
Dimensions 23 cm.
336 ## - CONTENT TYPE
Content type term text
Content type code txt
Source rdacontent
337 ## - MEDIA TYPE
Media type term unmediated
Media type code n
Source rdamedia
338 ## - CARRIER TYPE
Carrier type term volume
Carrier type code nc
Source rdacarrier
504 ## - BIBLIOGRAPHY, ETC. NOTE
Bibliography, etc. note Includes bibliographical references and index.
505 0# - FORMATTED CONTENTS NOTE
Formatted contents note What is sketchUp and how do interior designers use it? -- Getting started -- Exploring the interface -- Modeling furniture -- Drafting, modeling, and furnishing a floor plan -- Model a two-story interior -- Painting with colors, materials, and match photo -- Enhancing and presenting the model -- Extensions -- Construction documentation with layout.
520 ## - SUMMARY, ETC.
Summary, etc. "Widely used by architects and landscape architects, SketchUp became a valuable tool for interior designers as well over the past decade, leading to the success of the first edition of this book. SketchUp for Interior Design is a practical introduction for interior designers and students who want to learn to use the software for design and modeling. The book covers the basics of creating 3D models and space plans, model furniture, cabinetry, and accessories. It explores how to experiment with colors and materials, incorporate manufacturers' models into project plans, and create final presentations and animated walk-throughs for clients. This revised edition focuses on the professional version of SketchUp, now priced as a subscription to be accessible to anyone from students to professionals. The book includes a new chapter on LayOut for 2D graphics, new features of Component and Extension Warehouses, and updates throughout to include the latest tools and functions built into SketchUp. Each chapter includes clear explanations and helpful illustrations to make this an ideal introduction to the topic, with questions woven into the content for students or self-learners to test their understanding. Videos available on a companion site show step-by-step instructions for using many of the features described in the book"--
Assigning source Provided by publisher.
630 00 - SUBJECT ADDED ENTRY--UNIFORM TITLE
Uniform title SketchUp.
650 #0 - SUBJECT ADDED ENTRY--TOPICAL TERM
Topical term or geographic name entry element Interior decoration
General subdivision Computer-aided design.
650 #0 - SUBJECT ADDED ENTRY--TOPICAL TERM
Topical term or geographic name entry element Interior architecture
General subdivision Computer-aided design.
776 08 - ADDITIONAL PHYSICAL FORM ENTRY
Relationship information Online version:
Main entry heading Cline, Lydia Sloan.
Title SketchUp for interior design.
Edition [Second edition]
Place, publisher, and date of publication Hoboken, New Jersey : Wiley, [2023]
International Standard Book Number 9781119897804
Record control number (DLC) 2022052814
906 ## - LOCAL DATA ELEMENT F, LDF (RLIN)
a 7
b cbc
c orignew
d 1
e ecip
f 20
g y-gencatlg
942 ## - ADDED ENTRY ELEMENTS (KOHA)
Source of classification or shelving scheme Dewey Decimal Classification
Koha item type Books
Edition 23
Classification part 747.028553
Item part C615s
Call number prefix ENG
Call number suffix 2023
Suppress in OPAC No
Holdings
Withdrawn status Lost status Source of classification or shelving scheme Damaged status Not for loan Home library Current library Shelving location Date acquired Total Checkouts Full call number Barcode Date last seen Copy number Price effective from Koha item type
    Dewey Decimal Classification     Main Library Main Library Engineering Section 08/06/2025   ENG 747.028553 C615s 2023 029902 08/06/2025 1-1 08/06/2025 Books